[Event "Tel Aviv"]
[Site "Tel Aviv"]
[Date "2001.02.20"]
[Round "1"]
[White "Van Mil, Johan"]
[Black "Mikhalevski, Alexander"]
[Result "1-0"]
[WhiteElo "2421"]
[BlackElo "2438"]
[Annotator "Lukacs,P"]
[PlyCount "75"]
[EventDate "2001.02.20"]
[EventType "tourn"]
[EventRounds "9"]
[EventCountry "ISR"]
[EventCategory "9"]
[SourceTitle "CBM 082"]
[Source "ChessBase"]
[SourceDate "2001.05.17"]
[SourceVersion "1"]
[SourceVersionDate "2001.05.17"]
[SourceQuality "1"]

1. e4 e5 2. Nc3 Nf6 3. g3 d5 4. exd5 Nxd5 5. Bg2 Nxc3 6. bxc3 Nc6 7. Nf3 Bc5 {
The B is very active here, but Black has to watch on >< e5.} 8. O-O O-O {
This variation is a real battlefield between Glek (White) and Z.Almasi (Black)!
} 9. d3 (9. Re1 h6 $5 {is fighting against the manoeuvre Ng5-e4.} (9... Qf6 10.
d3 {- 9.d3} (10. Qe2 Bg4 11. h3 Bh5 12. Rb1 e4 {Black is sacrificing a P for a
very active position.} 13. Qxe4 Rae8 14. Qf4 Qxf4 15. gxf4 Bxf3 16. Rxe8 Rxe8
17. Bxf3 Re1+ 18. Kg2 {The pin on the first rank is rather annoying.} Nd8 19.
Ra1 Bd6 20. Bb2 Rxa1 21. Bxa1 Bxf4 22. d4 Bd6 23. c4 c5 $11 {blockading the
position against the ^^.}) (10. Bb2 Bg4 {White is not strong enough to play d4,
his usual setup is d3 and c4.} 11. h3 Bh5 12. Qe2 (12. g4 Bg6 13. d4 exd4 14.
cxd4 Bb6 {Black has to fight against c4.} (14... Rad8 15. c3 Bd6 16. Qb3 Rfe8
17. c4 $16 {and suddenly White's P [+] becomes strong, Ornstein-Polikha,
Aviles 2000.}) 15. Ne5 (15. c4 Rad8 {>< d4}) (15. c3 {Now the B is passive on
b2.} Rfe8 16. Nd2 Na5 $13) 15... Nxe5 (15... Rad8 $44) 16. Rxe5 Rae8 17. Rxe8
Rxe8 18. Bxb7 (18. Qd2 Qe6 $11) 18... c5 19. c3 Qf4 20. Bc6 (20. Bc1 Qd6) 20...
Rd8 $44 {with many weaknesses in White's camp.}) 12... Rae8 13. d3 Re6 14. g4
Bg6 15. Nd2 {White uses the e4 square for further advance.} Qh4 16. a4 {
/\ Ba3 to get rid from the passive B.} h5 17. Ba3 Bxa3 18. Rxa3 hxg4 19. hxg4
Bh7 20. a5 e4 $1 21. dxe4 (21. Nxe4 Ne5 22. f3 f5 $36) 21... Rfe8 ({or} 21...
Rh6 22. Rb1 b6 23. axb6 axb6 {with a wonderful compensation for the P.}) 22.
Ra4 Rf6 23. f3 Ne5 24. Rb1 (24. Nf1 $2 {is a blunder because of} Rxf3 $1 $17 {
Tseitlin-Hebden, Hastings 1995}) 24... b6 25. axb6 axb6 26. Rba1 $13)) (9...
Re8 10. d3 $1 {This is the thematic setup in this variation.} (10. d4 {Black
is usually well-prepared against this advance in the [+].} exd4 11. Rxe8+ Qxe8
12. cxd4 Bb6 13. c4 $1 (13. Qd3 Bg4 14. c3 $5 (14. Bb2 $6 {is met by the
standard plan against >< d4:} Bxf3 $1 15. Bxf3 Rd8 $15 {Z.Almasi}) (14. Ng5 $2
{clearly overestimates White's chances.} Qe1+ $1 15. Bf1 g6 16. Bb2 Qe7 17. h4
(17. Ne4 Nb4 $1) (17. Nf3 Nb4 $1) 17... h6 18. Ne4 Nb4 $1 19. Ba3 (19. Qb3 $6
Qxe4 20. Qxb4 c5 $17 {Z.Almasi}) 19... Bf5 $1 20. Bxb4 Qxb4 21. c3 (21. Rd1 Rd8
22. c3 Bxe4 $17) 21... Bxe4 22. cxb4 Bxd3 23. Bxd3 Rd8 24. Rd1 Rxd4 $17 {
winning the vital d P in the _|_, Delchev-Z.Almasi, Odorheiu Secuiesc, zt 1995.
}) 14... Qd7 15. Bf4 Re8 16. Re1 Rxe1+ 17. Nxe1 Qe6 18. Qd2 Na5 {Black tries
to exploit the weaknesses of the light squares on the <<.} 19. Nf3 Nc4 20. Qc1
f6 21. Nd2 c6 $1 $15 {Glek-Z.Almasi, Germany GER-chT 1995}) (13. c3 {is a safe
option, but can hardly yield White any advantage.} Bg4 14. Be3 Rd8 15. Qc2 Qd7
16. Re1 {1/2:1/2 Sax-Arapovic, Medulin 1997}) (13. Bb2 Bg4 14. c4 (14. h3 {
is too slow:} Bxf3 15. Bxf3 Nxd4 16. Bxd4 Rd8 17. c3 c5 $15 {Perez Garcia-Vul,
Wijk aan Zee 1999}) 14... Rd8 15. d5 Ne5 16. Qb3 Nxf3+ 17. Bxf3 Bxf3 18. Qxf3
Bc5 $11 {blockading White's central pawns, Fressinet-Ferguson, FRA 1998.})
13... Bg4 14. c5 (14. Bb2 {- 13.Bb2}) 14... Ba5 {This is the safe option.} (
14... Rd8 $6 {is not perfectly correct.} 15. cxb6 {is the real test.} ({
If White doesn't accept the challenge, he can find himself in difficulties:} 
15. Bg5 $6 Rxd4 16. Qc1 (16. Nxd4 Bxd1 17. Rxd1 Qd7 $1 $15) (16. Qc2 $5 Bxf3
17. Bxf3 Ba5 18. Rb1 Rb4 $15 {Ankerst-A.David, Bled 1996}) 16... Bxf3 17. Bxf3
Ba5 18. Be3 Rd8 {White has no real compensation for the P.} 19. Kg2 Qe6 $15 {
Glek-Van der Sterren, Germany 1996}) 15... Nxd4 16. Qxd4 $1 Rxd4 17. Nxd4 Qe1+
(17... axb6 18. Be3 $14) 18. Bf1 axb6 19. Nb3 $14 {Glek}) 15. Bb2 (15. Be3 Rd8
16. Qa4 Bc3 17. Rc1 Bxf3 18. Bxf3 Nxd4 (18... Bxd4 {looks simpler.} 19. Bxc6
Qxc6 $11) 19. Qxe8+ Rxe8 20. Bd1 Rxe3 21. fxe3 Bd2 22. Rc4 Bxe3+ 23. Kg2 Ne6
24. c6 {(Belikov-V.Ivanov, Moscow1996)} bxc6 $11) 15... Rd8 16. d5 Ne5 17. Bxe5
(17. Qb3 $5 Nxf3+ 18. Bxf3 Bxf3 19. Qxf3 Qb5 20. Ba3 Re8 $13 {with very active
black heavy artillery.}) 17... Bxf3 {(Glek-Shchekachev, Linares 1996)} 18. Bxf3
Qxe5 19. Rb1 b6 20. c6 Re8 (20... Bc3 21. Rb3 Re8 $142 {occupying the only
opened <->.} (21... Bd4 $6 22. Rb4 Bc5 23. Re4 Qf6 24. Qe2 $14 {Glek, now
White has the e <-> in his hand.})) 21. Qd3 (21. Rc1 Bb4) 21... Bb4 $11 {
and the B returns to the fight again.}) 10... Bg4 11. h3 Bh5 12. g4 Bg6 13. Ng5
{opening up the long /^, and securing the e4 square.} Bb6 (13... h6 14. Ne4 Bb6
15. Rb1 $142 {- 13...Bb6} (15. Qf3 $5 {this allows Black an unusual B
manoeuvre.} Ba5 16. Rb1 $1 Bxe4 17. Rxe4 Bxc3 18. Rc4 $1 (18. Rxb7 Nd4 19. Qd1
Rb8 $13) 18... Bd4 $5 (18... Nd4 19. Qxb7 Rb8 20. Qxb8 Qxb8 21. Rxb8 Rxb8 22.
Be3 $16 {with a very active R and ^^, Glek-Lane, Belgium 1996}) 19. Rxb7 e4 $1
20. Qf5 $1 (20. Qg3 $2 Be5 21. Bf4 Nd4 $1 $17) 20... Re5 $1 (20... g6 21. Qf4
g5 22. Qxc7 Qf6 23. Be3 Bxe3 24. fxe3 Rac8 25. Qg3 $16) 21. Qf4 g5 22. Qg3 Na5
23. Rxd4 Qxd4 24. Bb2 Qc5 $13)) 14. Rb1 $142 (14. Ne4 $6 Qd7 (14... h6 {
- 13..h6})) 14... h6 (14... Qf6 $6 {is strongly met by} 15. Qf3 $1 Qxf3 16.
Bxf3 Rad8 17. Kg2 f6 18. Bxc6 bxc6 19. Ne4 {Now Black's P structure is
corrupted, and his ^^ cannot find a real target to compensate it.} h5 20. f3
hxg4 21. hxg4 Rb8 22. Rb3 Kf7 23. Ba3 $16 {Glek} (23. c4 $2 {allows the
equalizing liquidation} Bxe4 $1 $11 {Glek-Z.Almasi, Biel 1996})) 15. Ne4 Ne7 {
The N on c6 is not very well placed.} 16. c4 c6 17. Ba3 {>< d6} Bxe4 18. Rxe4
Rb8 19. Rxe5 $1 Bxf2+ $1 20. Kh1 $1 Bg3 21. Re4 $14 {with an active ^^, Glek-Z.
Almasi, Germany 1996.}) 10. d3 {is required again transposing to 9.d3.} (10.
Rb1 Bb6 11. Ba3 Re8 12. d4 {is again strongly met by} Bg4 $5 (12... exd4 13.
Rxe8+ (13. cxd4 Bg4) 13... Qxe8 14. cxd4 Bg4 15. c3 Qd7 $11) 13. d5 Na5 14. Qd3
(14. h3 Nc4) 14... Qf6 15. Rb4 Bf5 16. Qe2 e4 17. Nd4 (17. Nh4 $2 Bh7 18. Ra4
e3 $19 {Arakhamia-Wells, BCF-chT 1997}) 17... c5 $15) (10. Bb2 Bg4)) (9. Rb1
Bg4 $13) (9. Qe2 {decides too early about the Q's place.} Qf6 (9... Re8 10. d3
f6 (10... Bf5 11. Ng5 Qd7 12. Be3 Bb6 13. Rfe1 Rad8 14. Rab1 h6 (14... Nd4 15.
Qd2 $13 {Lima-Dervishi, Elista ol (Men) 1998}) 15. Ne4 Bg4 $15) 11. a4 Be6 12.
Be3 Bb6 13. Rfb1 Na5 14. Nd2 Rb8 15. Ne4 Bxe3 16. Qxe3 b6 17. c4 Qd4 $11 {
S.Gross-Michalek, Prague op CZE 1985}) 10. d3 {- 9.d3 Qf6 10.Qe2}) 9... Qf6 $5
(9... f6 {is again a logical defence.} 10. Be3 Bb6 11. Nd2 Be6 $11 {looks
simple and good.} (11... Qe7 12. Nb3 {/\ c4} Be6 13. c4 a5 $6 {this weakens ><
b6.} (13... f5 $5) 14. Bxb6 cxb6 15. Nd2 {Now the weaknesses on the b <->
begin to tell.} Rfd8 16. Rb1 Qc7 17. Re1 Bf7 18. Rb2 f5 19. Qb1 e4 20. Rxb6
Rab8 21. Rb5 Nd4 22. Rb2 Bh5 23. Bf1 exd3 24. cxd3 b6 25. Bg2 f4 26. Ne4 f3 27.
Bf1 Re8 $44 {Reefschlager-R.Mainka, Germany GER-chT 1995})) (9... Bb6 10. Re1
$142 (10. Qe2 $6 {is again premature.} Re8 11. Bb2 Bg4 12. h3 Bh5 13. g4 Bg6
14. Nd2 Qh4 15. Nc4 h5 {Black immediately attacks the weakened white >>.} 16.
a4 hxg4 17. Qxg4 Qxg4 18. hxg4 Na5 19. Ne3 Bxe3 20. fxe3 e4 $17 {Ansell-Hebden,
BCF-ch Hove 1997})) (9... h6 10. Re1 Qf6 {- 9....Qf6}) (9... Bg4 10. h3 (10.
Qe1 {White wants to avoid the weakening of his >>, and leaves the pin in
another way.} Re8 11. Ng5 (11. Qe4 {is an interesting try to activate the Q.}
Qd7 12. Ng5 Bf5 13. Qd5 Qxd5 14. Bxd5 Bg6 15. Be3 Bb6 16. Bg2 h6 17. Ne4 f5 18.
Nd2 Bf7 $11 {T.Olafsson-Bjarnarson, Hafnarfjordur, 1998}) 11... Bf5 12. Rb1 Bb6
13. Rb5 a6 14. Rb2 Rb8 $13 {M.Kuijf-Tsaben, Sitges 1999}) 10... Bh5 11. Qe1 (
11. g4 Bg6 12. Ng5 Qd7 13. h4 f6 14. Ne4 Bb6 15. Ba3 {(Geenen-Haznedaroglu,
Batumi 1999)} Rfd8 $13) 11... Re8 12. Qe4 (12. Ng5 $5) 12... Qe7 13. Ng5 Bg6
14. Qc4 Kh8 15. Ne4 Bb6 16. a4 Na5 17. Qb4 c5 18. Qb5 {This Q has worked too
diligently.} f5 19. Nd2 Qf7 $13 {Kaminski-Sosnicki, POL-ch 1998}) 10. Be3 (10.
Re1 h6 (10... Bg4 11. h3 (11. Qe2 $5) 11... Bh5 12. Rb1 (12. Qe2 $5) 12... Bb6
13. Qe2 Rfe8 14. Qe4 Bg6 15. Qh4 Qe6 {Here we see the drawback of an early Rb1.
} 16. c4 e4 $15 {Remmel-Ernst, Haarlem AKN op 2000}) 11. Be3 {looks more to
the point.} (11. Bb2 {The B has only perspectives here after c4.} Bg4 12. h3
Bh5 13. Qe2 Rae8 14. g4 Bg6 15. Nd2 Qh4 16. a4 f5 17. Ba3 Bxa3 18. Rxa3 e4 $17
{Marcelin-Hebden, FRA-chT France 1999}) (11. Rb1 Bb6 12. Qe2 (12. h3 Be6 13. c4
{this is the typical setup for White here.} Rad8 14. Qe2 Ba5 15. Bd2 Bxd2 16.
Nxd2 Nd4 17. Qd1 b6 18. c3 Nf5 19. Qe2 $14 {Quezada-H.Hernandez, Union de
Reyes Cup Cuba 2000}) 12... Bd7 13. Nd2 Rfe8 14. Ne4 Qg6 15. Ba3 Bg4 16. Qd2
Rad8 17. Nc5 Bc8 18. Na4 {and the N is still far from an excellent square.} Be6
$11 {Waitzkin-A.Mikhalevsky, Budapest FS 10 1997}) 11... Bb6 12. Nd2 $14 {
Proehl-Herndl, AUT-chT 1999}) (10. Qe2 h6 11. Rb1 Bb6 12. h3 Be6 13. c4 Rfe8
14. Bb2 Qg6 15. Nd2 Rad8 16. Kh2 Bc8 {White has problems with the weakness of
>< d4.} 17. Nb3 Nd4 18. Bxd4 exd4 19. Qd2 Qd6 20. Rfe1 c6 $15 {^^,
Motwani-Bryson, SCO-ch Edinburgh 1999.}) 10... Bb6 11. Nd2 Qg6 (11... Rd8 12.
Re1 Bf5 $13 {is a logical developing plan.}) 12. Nc4 f5 $6 {Black is pushing
too hard, his position is not so good to attack without finishing development.}
(12... Re8 13. Re1 Bg4 14. Qd2 Qh5 $13) (12... Bg4 13. Qd2 Rfe8 $13) 13. f4 (
13. Re1 $2 {allows the continuation of the -> after} f4 $1 14. Bxb6 axb6 15.
Bxc6 Qxc6 $1 16. Rxe5 (16. Nxe5 Qxc3 $17) 16... Bh3 $17 {with nasty threats on
the weakened long /^.}) 13... exf4 $2 {Now White's ^^ has no match anymore.} (
13... Bxe3+ 14. Nxe3 exf4 15. Rxf4 Qd6 $13) 14. Nxb6 axb6 15. Bxf4 {occupying
the vital diagonals the ^^ fires on the <<.} Qf7 (15... Rf7 16. Re1 Be6 17. c4
$14) 16. Re1 b5 $6 {Now material losses are inevitable.} (16... Be6 $2 17. Bxc7
$1) (16... Nd8 $142 17. c4 Ne6 18. Be5 $14) 17. Qb1 $1 $16 {/\ Qb3 attacking
>< c7} Ra5 (17... Kh8 18. Qxb5 Rxa2 19. Rxa2 Qxa2 20. Bxc7 (20. Qc5 $5) 20...
Qxc2 21. Qc5 $16) 18. Qb3 $1 Qxb3 19. cxb3 $18 {and the P will fall.} Bd7 20.
Bxc7 {Now it is only a matter of technique.} Ra6 21. d4 Kf7 22. d5 Ne7 23. d6
Nc6 24. Bf1 Ra3 25. Bxb5 Rfa8 26. Re2 Kf6 27. Ba4 b5 28. Bxb5 Nd4 29. cxd4 Bxb5
30. Re5 Rxb3 31. Rf1 $1 Bxf1 32. axb3 Ra1 33. Kf2 Rd1 34. d7 Rxd4 35. d8=Q+
Rxd8 36. Bxd8+ Kxe5 37. Kxf1 Kd4 38. b4 1-0

[Event "Dortmund SuperGM 41st"]
[Site "Dortmund"]
[Date "2013.07.26"]
[Round "1"]
[White "Fridman, Daniel"]
[Black "Adams, Michael"]
[Result "1/2-1/2"]
[WhiteElo "2629"]
[BlackElo "2740"]
[Annotator "Marin,M"]
[PlyCount "108"]
[EventDate "2013.07.26"]
[EventType "tourn"]
[EventRounds "9"]
[EventCountry "GER"]
[EventCategory "19"]
[SourceTitle "CBM 156"]
[Source "ChessBase"]
[SourceDate "2013.09.17"]
[SourceVersion "1"]
[SourceVersionDate "2013.09.17"]
[SourceQuality "1"]

1. e4 e5 2. Nf3 Nc6 3. Nc3 Nf6 4. d4 exd4 5. Nxd4 Bb4 6. Nxc6 bxc6 7. Bd3 O-O
8. O-O d5 9. exd5 cxd5 10. h3 Rb8 11. Qf3 c6 12. Bf4 Bd6 13. b3 Rb4 ({In a
certain way, this wins a tempo over} 13... Qc7 14. Bxd6 Qxd6 {Andreikin,D 
(2713)-Morozevich,A (2760)/Moscow 2013/CBM 154 Extra (1-0, 32)}) 14. Bxd6 Qxd6
15. Rfe1 Be6 $146 {A logical developing move and a new one! All the moves
tried before look like some sort of wasting time.} (15... Rb7 16. Na4 Re7 17.
Qg3 Qxg3 18. fxg3 Rfe8 19. Rxe7 Rxe7 20. g4 h6 21. Kf2 Kf8 22. Rd1 Re5 23. c4
$14 {Andreikin,D (2713)-Safarli,E (2660)/Khanty-Mansiysk 2013/CBM 154 Extra 
(1-0, 39)}) (15... h6 16. Na4 {Thesing,M (2399)-Wagner,D (2456)/Muelheim GER
2012/TWIC 937 (1-0, 40)}) (15... g6 16. Ne2 Nh5 17. c4 Be6 18. Rad1 {Bagi,M 
(2334)-Balog,I (2554)/Budapest 2013 (1-0, 68)}) 16. Ne2 Re8 17. c3 Rb6 18. Ng3
Rbb8 19. Re2 Bd7 20. Rae1 Rxe2 21. Rxe2 g6 22. Nf1 a5 23. Qg3 Qxg3 24. Nxg3 a4
$36 25. bxa4 (25. b4 a3 {[%cal Gc6c5]}) 25... Ra8 26. Bc2 c5 27. Nf1 Bxa4 28.
Bxa4 Rxa4 29. Ne3 h5 30. f3 Ra3 31. Nd1 h4 32. Kf2 Kf8 33. Rb2 Nh5 34. Rd2 Nf4
35. Ne3 Rxc3 36. Nxd5 Nxd5 37. Rxd5 Rc2+ 38. Ke3 Rxa2 39. Rxc5 Rxg2 40. Rc4 g5
41. Rg4 Rg3 42. Kf2 Rxg4 43. fxg4 Ke7 44. Ke3 Kd6 45. Ke4 f6 46. Kf5 Ke7 47.
Ke4 Ke6 48. Kd4 f5 49. gxf5+ Kxf5 50. Ke3 g4 51. hxg4+ Kxg4 52. Kf2 h3 53. Kg1
Kg3 54. Kh1 h2 1/2-1/2

[Event "Tata Steel-A 75th"]
[Site "Wijk aan Zee"]
[Date "2013.01.27"]
[Round "13"]
[White "Wang, Hao"]
[Black "Anand, Viswanathan"]
[Result "1-0"]
[WhiteElo "2752"]
[BlackElo "2772"]
[Annotator "Marin,M"]
[PlyCount "97"]
[EventDate "2013.01.12"]
[EventType "tourn"]
[EventRounds "13"]
[EventCountry "NED"]
[EventCategory "20"]
[SourceTitle "CBM 153"]
[Source "ChessBase"]
[SourceDate "2013.03.14"]
[SourceVersion "1"]
[SourceVersionDate "2013.03.14"]
[SourceQuality "1"]

1. e4 e5 2. Nf3 Nc6 3. d4 exd4 4. Nxd4 Nf6 5. Nc3 Bb4 6. Nxc6 bxc6 7. Bd3 O-O
8. O-O d5 9. exd5 cxd5 10. h3 $5 {A relatively new trend in the Four Knight
Scotch.} ({The traditional move is} 10. Bg5 {. The apparenly modest game move
is not without venom. Since one of White's ideas is a blockade on c5, Bc1-g5
is not always necessary. The bishop may go to f4, in order to provoke an
exchange for the d6-bishop. Taking the g4-square under control is important in
order to prepare Qf3 followed by Rad1 with some piece pressure against the
hanging pawns.}) 10... c6 {Some sort of half-waiting move, consolidating d5
and preparing the queen's activation to b6 or a5.} (10... Re8 11. Qf3 c6 {
bears similar ideas.} 12. Bf4 Be6 (12... Bd7 {1/2 Kramnik,V (2801)-Aronian,L 
(2825)/Moscow 2012/CBM 149/[Postny,E] (40)}) 13. Ne2 Bd6 {In his comments to
the Kramnik-Aronian game, Postny fails to see any shadow of a problem for
Black. In practice, though, Black has not been doing well afterwards.} 14. Rfe1
Qb8 (14... c5 15. Rad1 Qb6 16. Bxd6 Qxd6 17. Nf4 Rab8 18. b3 $14 Qb6 19. Re5
Qd6 20. Rg5 $5 Rbd8 $2 21. Qg3 Qf8 22. Nh5 Nxh5 23. Bxh7+ $1 $18 {Muzychuk,M 
(2466)-Zhao Xue (2549)/Istanbul 2012/CBM 150 Extra (1-0, 31)}) 15. b3 Bd7 16.
Bxd6 Qxd6 17. c4 d4 18. Qf4 Qxf4 19. Nxf4 c5 20. Bf1 Bc6 21. Nd3 Nd7 22. g4 {
White has achieved a nice blockade, but his advantage, if any, is
microscopical.} f5 $6 (22... a5 $1) 23. gxf5 Kf7 24. b4 cxb4 25. Nxb4 Ba4 26.
Bg2 Rxe1+ 27. Rxe1 Re8 $2 28. Rxe8 Kxe8 29. Bc6 Bxc6 30. Nxc6 d3 31. Kf1 $16 {
Rublevsky,S (2693)-Najer,E (2664)/Eilat 2012/CBM 151}) ({Since Nc3-e2-f4(d4)
is a permanent threat,} 10... Be6 {exposes the bishop a bit too early.} 11. Qf3
(11. Ne2 Bd6 12. Nd4 c5 13. Nxe6 fxe6 14. c4 Qc7 15. Bg5 Be5 16. Qe2 h6 17. Bh4
Kh8 18. Rae1 $14 {Nisipeanu,L (2668)-Caruana,F (2786)/Bucharest 2012 (1/2, 32)}
) 11... Be7 12. Ne2 (12. Bf4 c5 13. Bh2 Bd6 14. Bxd6 Qxd6 15. Rad1 Qb6 16. b3
Qa5 17. Rfe1 c4 $132 {Sengupta,D (2539)-Venkatesh,M (2511)/Kolkata 2012 (1/2,
88)}) 12... Nd7 (12... c5 13. c3 Rb8 14. b3 Rb6 15. Ng3 g6 16. Bg5 {1/2
Filippov,A (2617)-Sokolov,I (2699)/Sibenik 2012}) 13. Nf4 Bd6 14. Re1 Nc5 15.
Nh5 Nxd3 16. cxd3 Qh4 17. Bf4 Bxf4 18. Nxf4 Qf6 19. Rac1 $14 {Kravtsiv,M (2589)
-Harutyunian,T (2358)/Yerevan 2013 (1-0, 40)}) 11. Qf3 ({A prehistoric game
went} 11. Ne2 {, but this is pointless in the absence of a bishop on e6.} Re8
12. c3 Bd6 13. Nd4 Bc7 14. Bg5 Qd6 $17 {Tinsley,S-Lasker,E/Leipzig 1894/EXT 99
(1/2, 42)}) 11... Bd6 12. Re1 {White stays flexible, too. Although Bf4 is the
main idea, it is useful to keep Bg5 in reserve.} (12. Bf4 Rb8 (12... Be6 13.
Ne2 c5 14. c3 Rb8 15. b3 Re8 16. Rad1 Rb6 17. Rfe1 Bc8 18. Ng3 {Mueller,K 
(2529)-Gonda,L (2528)/Germany 2012/CBM 151 (1-0, 42)}) 13. b3 Rb7 14. Ne2 Re8
15. Rad1 Bxf4 16. Qxf4 c5 17. Ng3 Rbe7 18. c3 Qb6 19. Qd2 Ba6 $11 {Chadaev,N 
(2580)-Adams,M (2723)/Konya 2012/CBM 149 Extra (1/2, 39)}) 12... h6 13. Bf4 {
Now there is no reason to delay this thematic move.} Bxf4 (13... Rb8 14. b3 (
14. Na4 Be6 15. Bxd6 Qxd6 16. Qe3 Nd7 17. b3 c5 $11 {Le Roux,J (2517)-Bacrot,E
(2710)/Caen 2011/CBM 144 (1/2, 34)}) 14... Rb4 15. Bd2 $2 (15. Bxd6 Qxd6 16.
Qe3 {[%cal Gc3a4]} c5 17. Qe7 $36) 15... Rh4 $36 {Rogulj,B (2415)-Ljubicic,L/
Zagreb 1993/EXT 2002 (0-1, 24)}) 14. Qxf4 Be6 {Now that the f4-square has been
occupied, this move looks safe enough.} ({Black went down incredibly quickly
for a correspondnce game after} 14... Nh5 $6 {(Just pointless)} 15. Qe5 Qh4 16.
Re3 Bd7 17. Rae1 Rfe8 $2 18. Qxe8+ $1 {1-0 Martyniak,J-Ciesla,S/POL-ch3 corr
1961/Corr Nr. 1}) 15. Ne2 $146 {Very concrete. White threatens Nd4.} (15. Rad1
{looks too neutral.} Qb8 16. Qxb8 Raxb8 17. b3 c5 18. Be2 Rfd8 19. Bf3 d4 {
Maybe a bit premature.} (19... g5 $5 20. Rd2 Kg7 21. Red1 d4 22. Na4 Rdc8 {
[%cal Gh6h5,Gg5g4]} 23. c3 dxc3 24. Nxc3 c4 $11) 20. Na4 c4 (20... Rdc8 21. Re5
Nd7) 21. Nc5 Bf5 22. bxc4 Bxc2 23. Rd2 d3 24. Nxd3 Bxd3 25. Red1 Rb4 26. Rxd3
Rxd3 27. Rxd3 Rxc4 28. Ra3 Rc1+ 29. Kh2 Rc7 30. Ra5 $14 {Boim,I-Turner,M/
Oakham 1994/EXT 2000 (1/2, 35)}) (15. Na4 {is a bit too straightforwardly
playing for the c5-square.} Qa5 16. b3 c5 17. Re5 Qc7 (17... c4 $5 18. Bxc4 $2
Qb4 19. a3 Qb8 {The queen needs to pin the rook from a defended square, which
explains the apparent loss of a tempo.} 20. Bd3 Nd7 21. Rf5 Bxf5 22. Qxf5 Nf6)
18. c4 (18. Rae1) 18... Nd7 19. Rf5 {Mayer,J (2222)-Silberschlag,J (2262)/
Saarlouis 2001/EXT 2006 (1/2, 66)} Qxf4 (19... Qb8 $5) 20. Rxf4 g5 21. Rf3 Ne5
22. Re3 Nxd3 23. Rxd3 dxc4 24. bxc4 Rfc8 $15) (15. b3 {Looks like a nice
flexible move.} Qb8 16. Qxb8 Raxb8 17. Na4 Rfe8 18. Nc5 $14 Nd7 {Zigo,V (2270)
-Svihel,K (2155)/Czechia 2005/EXT 2007 (1/2, 30)} 19. Rxe6 $1 Nxc5 20. Rxc6
Nxd3 21. cxd3 Re2 22. Rc7 a6 23. Rc6 Ra8 24. Rd6 $14) 15... Qb8 {With this and
his next moves, Anand allows the strategically unpleasant exchange on e6 for
no obvious reason.} (15... c5 16. c4 Qb6 17. b3 Rad8 18. cxd5 Bxd5 $11 {
Black's activity compensates for the minimal structural deffect. Either ...
a5-a4 or ...c5-c4 may slve the problem completely in the near future.}) 16. b3
Qxf4 17. Nxf4 Rfe8 (17... Bd7 18. c4 a5 {looks safe enough to me. The
f4-knight is permanently exposed to ...g7-g5 and Black's queenside counterplay
should level the chances.}) 18. Nxe6 fxe6 {It also looks a bit strange to keep
the passive rook.} (18... Rxe6 19. c4 a5 20. cxd5 cxd5 21. Rxe6 fxe6 22. Rc1
Ra7 {[%cal Gg7g5]}) 19. Bg6 Re7 20. c4 Nd7 21. Rac1 Nf8 22. Bd3 {Black's
position is quite unpleasant. He has all sort of weaknesses and there is a
danger that White creates an outside passed pawn on the queenside.} Kf7 {
The king will not find a good square until the end of the game.} ({To me, it
makes more sense to develop it to a dark square, the best one being g7:} 22...
g5 23. cxd5 cxd5 24. b4 Kg7) 23. cxd5 cxd5 24. b4 Nd7 25. Rc6 Nf6 26. a4 e5 27.
f3 $1 {Restricting the enemy centre.} Rd8 28. Kf2 e4 29. fxe4 (29. Bb1 $5)
29... dxe4 30. Bc4+ Kg6 ({Maybe it would have been a better idea to keep the
king close to the main theatre of operations with} 30... Ke8) 31. Ke3 Kh7 {
The difference of king activity adds to the other strategic plusses. Black's
position is very difficult already.} 32. Rc5 Red7 33. a5 Rd2 34. Re2 Rd1 35. a6
Nd7 36. Rc7 Ne5 37. Be6 Kg6 38. Rxa7 R1d6 39. Ba2 Nc6 40. Rb7 Rd3+ 41. Kf2 Nd4
42. Bf7+ Kf5 43. Re1 Rd2+ 44. Kg1 Kf4 45. Bc4 g6 46. a7 Kg3 47. Bf1 Nf3+ 48.
gxf3 exf3 49. Rf7 1-0